<?xml version="1.0" encoding="UTF-8"?>
<record
    xmlns:xsi="http://www.w3.org/2001/XMLSchema-instance"
    xsi:schemaLocation="http://www.loc.gov/MARC21/slim http://www.loc.gov/standards/marcxml/schema/MARC21slim.xsd"
    xmlns="http://www.loc.gov/MARC21/slim">

  <leader>01790nas a2200301 i 4500</leader>
  <controlfield tag="003">DO-SdBNP</controlfield>
  <controlfield tag="005">20260514155927.0</controlfield>
  <controlfield tag="007">ta</controlfield>
  <controlfield tag="008">260514e2006    dr an|p|r||||||0| |0spa d</controlfield>
  <datafield tag="040" ind1=" " ind2=" ">
    <subfield code="a">DO-SdBNP</subfield>
    <subfield code="b">spa</subfield>
    <subfield code="c">BNPHU</subfield>
    <subfield code="e">rda</subfield>
  </datafield>
  <datafield tag="041" ind1=" " ind2=" ">
    <subfield code="a">spa</subfield>
  </datafield>
  <datafield tag="110" ind1=" " ind2=" ">
    <subfield code="a">Programa Solidaridad</subfield>
    <subfield code="9">89572</subfield>
  </datafield>
  <datafield tag="245" ind1=" " ind2=" ">
    <subfield code="a">Solidadridad : </subfield>
    <subfield code="b">la revista /</subfield>
    <subfield code="c">Programa Solidaridad. Rafael Alburquerque, vicepresidente, coordinador.</subfield>
  </datafield>
  <datafield tag="264" ind1=" " ind2=" ">
    <subfield code="a">Santo Domingo, Rep&#xFA;blica Dominicana : </subfield>
    <subfield code="b">Programa Solidaridad, </subfield>
    <subfield code="c">2006.</subfield>
  </datafield>
  <datafield tag="300" ind1=" " ind2=" ">
    <subfield code="a">volumen : </subfield>
    <subfield code="b">ilustraciones, fotograf&#xED;a, grafica ;</subfield>
    <subfield code="c">24 X 22 cm.</subfield>
  </datafield>
  <datafield tag="310" ind1=" " ind2=" ">
    <subfield code="a">Anual </subfield>
  </datafield>
  <datafield tag="336" ind1=" " ind2=" ">
    <subfield code="a">texto</subfield>
    <subfield code="b">txt</subfield>
    <subfield code="2">rdacontent</subfield>
  </datafield>
  <datafield tag="337" ind1=" " ind2=" ">
    <subfield code="a">sin mediaci&#xF3;n </subfield>
    <subfield code="b">n</subfield>
    <subfield code="2">rdamedia</subfield>
  </datafield>
  <datafield tag="338" ind1=" " ind2=" ">
    <subfield code="a">volumen</subfield>
    <subfield code="b">nc</subfield>
    <subfield code="2">rdacarrier</subfield>
  </datafield>
  <datafield tag="362" ind1=" " ind2=" ">
    <subfield code="a">A&#xF1;o 1 . No. 1, 2006.</subfield>
  </datafield>
  <datafield tag="500" ind1=" " ind2=" ">
    <subfield code="a">Catalogaci&#xF3;n basada en el A&#xF1;o 1. No. 1, 2006.</subfield>
  </datafield>
  <datafield tag="500" ind1=" " ind2=" ">
    <subfield code="a">Incluye diferencia en la periocidad de la primera revista que es anual y en el segundo a&#xF1;o cambia semestral.</subfield>
  </datafield>
  <datafield tag="500" ind1=" " ind2=" ">
    <subfield code="a">Donado por: CENTU.</subfield>
  </datafield>
  <datafield tag="520" ind1=" " ind2=" ">
    <subfield code="a">Programa Solidaridad: la revista
La revista "Solidaridad" es un &#xF3;rgano informativo del Programa Solidaridad, que se destina a mantener al d&#xED;a a la poblaci&#xF3;n sobre las acciones realizadas por Solidaridad y otras instituciones en favor de los m&#xE1;s pobres. La revista incluye art&#xED;culos sobre temas como la eliminaci&#xF3;n del trabajo infantil peligroso en la Rep&#xFA;blica Dominicana y otros trabajos realizados por Solidaridad. Adem&#xE1;s, ofrece informaci&#xF3;n sobre la gobernanza local y servicios p&#xFA;blicos municipales de calidad, as&#xED; como sobre la participaci&#xF3;n de las mujeres en la gobernanza local. </subfield>
  </datafield>
  <datafield tag="650" ind1=" " ind2="0">
    <subfield code="a">Solidaridad</subfield>
    <subfield code="9">89573</subfield>
    <subfield code="v">Publicaciones peri&#xF3;dicas</subfield>
    <subfield code="x">Programa</subfield>
  </datafield>
  <datafield tag="700" ind1=" " ind2=" ">
    <subfield code="a">Alburquerque de Castro, Rafael Francisco,</subfield>
    <subfield code="d">1940-</subfield>
    <subfield code="9">35785</subfield>
    <subfield code="e">vicepresidente</subfield>
    <subfield code="e">coordinador</subfield>
  </datafield>
  <datafield tag="942" ind1=" " ind2=" ">
    <subfield code="2">ddc</subfield>
    <subfield code="c">ISSUE</subfield>
  </datafield>
  <datafield tag="952" ind1=" " ind2=" ">
    <subfield code="0">0</subfield>
    <subfield code="1">0</subfield>
    <subfield code="2">ddc</subfield>
    <subfield code="4">0</subfield>
    <subfield code="5">6</subfield>
    <subfield code="7">0</subfield>
    <subfield code="8">SE</subfield>
    <subfield code="a">BNPHU</subfield>
    <subfield code="b">BNPHU</subfield>
    <subfield code="d">2026-05-14</subfield>
    <subfield code="h">A&#xF1;o 1. No. 1, 2006</subfield>
    <subfield code="l">0</subfield>
    <subfield code="p">2026-4058</subfield>
    <subfield code="r">2026-05-14</subfield>
    <subfield code="t">e.1</subfield>
    <subfield code="w">2026-05-14</subfield>
    <subfield code="y">ISSUE</subfield>
    <subfield code="z">Disponible para consulta en: Hemeroteca.</subfield>
  </datafield>
  <datafield tag="952" ind1=" " ind2=" ">
    <subfield code="0">0</subfield>
    <subfield code="1">0</subfield>
    <subfield code="2">ddc</subfield>
    <subfield code="4">0</subfield>
    <subfield code="5">6</subfield>
    <subfield code="7">0</subfield>
    <subfield code="8">SE</subfield>
    <subfield code="a">BNPHU</subfield>
    <subfield code="b">BNPHU</subfield>
    <subfield code="d">2026-05-14</subfield>
    <subfield code="h">A&#xF1;o 1. No. 1, 2006</subfield>
    <subfield code="l">0</subfield>
    <subfield code="p">2026-4059</subfield>
    <subfield code="r">2026-05-14</subfield>
    <subfield code="t">e.2</subfield>
    <subfield code="w">2026-05-14</subfield>
    <subfield code="y">ISSUE</subfield>
    <subfield code="z">Disponible para consulta en: Hemeroteca.</subfield>
  </datafield>
  <datafield tag="952" ind1=" " ind2=" ">
    <subfield code="0">0</subfield>
    <subfield code="1">0</subfield>
    <subfield code="2">ddc</subfield>
    <subfield code="4">0</subfield>
    <subfield code="5">6</subfield>
    <subfield code="7">0</subfield>
    <subfield code="8">SE</subfield>
    <subfield code="a">BNPHU</subfield>
    <subfield code="b">BNPHU</subfield>
    <subfield code="d">2026-05-14</subfield>
    <subfield code="h">A&#xF1;o 2. No. 1. enero 2007</subfield>
    <subfield code="l">0</subfield>
    <subfield code="p">2026-4060</subfield>
    <subfield code="r">2026-05-14</subfield>
    <subfield code="t">e.1</subfield>
    <subfield code="w">2026-05-14</subfield>
    <subfield code="y">ISSUE</subfield>
    <subfield code="z">Disponible para consulta en: Hemeroteca.</subfield>
  </datafield>
  <datafield tag="952" ind1=" " ind2=" ">
    <subfield code="0">0</subfield>
    <subfield code="1">0</subfield>
    <subfield code="2">ddc</subfield>
    <subfield code="4">0</subfield>
    <subfield code="5">6</subfield>
    <subfield code="7">0</subfield>
    <subfield code="8">SE</subfield>
    <subfield code="a">BNPHU</subfield>
    <subfield code="b">BNPHU</subfield>
    <subfield code="d">2026-05-14</subfield>
    <subfield code="h">A&#xF1;o 2. No. 2. julio 2007</subfield>
    <subfield code="l">0</subfield>
    <subfield code="p">2026-4061</subfield>
    <subfield code="r">2026-05-14</subfield>
    <subfield code="t">e.1</subfield>
    <subfield code="w">2026-05-14</subfield>
    <subfield code="y">ISSUE</subfield>
    <subfield code="z">Disponible para consulta en: Hemeroteca.</subfield>
  </datafield>
  <datafield tag="952" ind1=" " ind2=" ">
    <subfield code="0">0</subfield>
    <subfield code="1">0</subfield>
    <subfield code="2">ddc</subfield>
    <subfield code="4">0</subfield>
    <subfield code="5">6</subfield>
    <subfield code="7">0</subfield>
    <subfield code="8">SE</subfield>
    <subfield code="a">BNPHU</subfield>
    <subfield code="b">BNPHU</subfield>
    <subfield code="d">2026-05-14</subfield>
    <subfield code="h">A&#xF1;o 2. No. 3. diciembre 2007</subfield>
    <subfield code="l">0</subfield>
    <subfield code="p">2026-4062</subfield>
    <subfield code="r">2026-05-14</subfield>
    <subfield code="t">e.1</subfield>
    <subfield code="w">2026-05-14</subfield>
    <subfield code="y">ISSUE</subfield>
    <subfield code="z">Disponible para consulta en: Hemeroteca.</subfield>
  </datafield>
  <datafield tag="952" ind1=" " ind2=" ">
    <subfield code="0">0</subfield>
    <subfield code="1">0</subfield>
    <subfield code="2">ddc</subfield>
    <subfield code="4">0</subfield>
    <subfield code="5">6</subfield>
    <subfield code="7">0</subfield>
    <subfield code="8">SE</subfield>
    <subfield code="a">BNPHU</subfield>
    <subfield code="b">BNPHU</subfield>
    <subfield code="d">2026-05-14</subfield>
    <subfield code="h">A&#xF1;o 2. No. 3. diciembre 2007</subfield>
    <subfield code="l">0</subfield>
    <subfield code="p">2026-4063</subfield>
    <subfield code="r">2026-05-14</subfield>
    <subfield code="t">e.2</subfield>
    <subfield code="w">2026-05-14</subfield>
    <subfield code="y">ISSUE</subfield>
    <subfield code="z">Disponible para consulta en: Hemeroteca.</subfield>
  </datafield>
  <datafield tag="952" ind1=" " ind2=" ">
    <subfield code="0">0</subfield>
    <subfield code="1">0</subfield>
    <subfield code="2">ddc</subfield>
    <subfield code="4">0</subfield>
    <subfield code="5">6</subfield>
    <subfield code="7">0</subfield>
    <subfield code="8">SE</subfield>
    <subfield code="a">BNPHU</subfield>
    <subfield code="b">BNPHU</subfield>
    <subfield code="d">2026-05-14</subfield>
    <subfield code="h">A&#xF1;o 2. No. 3. diciembre 2007</subfield>
    <subfield code="l">0</subfield>
    <subfield code="p">2026-4064</subfield>
    <subfield code="r">2026-05-14</subfield>
    <subfield code="t">e.3</subfield>
    <subfield code="w">2026-05-14</subfield>
    <subfield code="y">ISSUE</subfield>
    <subfield code="z">Disponible para consulta en: Hemeroteca.</subfield>
  </datafield>
  <datafield tag="952" ind1=" " ind2=" ">
    <subfield code="0">0</subfield>
    <subfield code="1">0</subfield>
    <subfield code="2">ddc</subfield>
    <subfield code="4">0</subfield>
    <subfield code="5">6</subfield>
    <subfield code="7">0</subfield>
    <subfield code="8">SE</subfield>
    <subfield code="a">BNPHU</subfield>
    <subfield code="b">BNPHU</subfield>
    <subfield code="d">2026-05-14</subfield>
    <subfield code="h">A&#xF1;o 3. No. 5. abril 2008</subfield>
    <subfield code="l">0</subfield>
    <subfield code="p">2026-4065</subfield>
    <subfield code="r">2026-05-14</subfield>
    <subfield code="t">e.1</subfield>
    <subfield code="w">2026-05-14</subfield>
    <subfield code="y">ISSUE</subfield>
    <subfield code="z">Disponible para consulta en: Hemeroteca.</subfield>
  </datafield>
  <datafield tag="952" ind1=" " ind2=" ">
    <subfield code="0">0</subfield>
    <subfield code="1">0</subfield>
    <subfield code="2">ddc</subfield>
    <subfield code="4">0</subfield>
    <subfield code="5">6</subfield>
    <subfield code="7">0</subfield>
    <subfield code="8">SE</subfield>
    <subfield code="a">BNPHU</subfield>
    <subfield code="b">BNPHU</subfield>
    <subfield code="d">2026-05-14</subfield>
    <subfield code="h">A&#xF1;o 3. No. 6. octubre 2008</subfield>
    <subfield code="l">0</subfield>
    <subfield code="p">2026-4066</subfield>
    <subfield code="r">2026-05-14</subfield>
    <subfield code="t">e.1</subfield>
    <subfield code="w">2026-05-14</subfield>
    <subfield code="y">ISSUE</subfield>
    <subfield code="z">Disponible para consulta en: Hemeroteca.</subfield>
  </datafield>
  <datafield tag="952" ind1=" " ind2=" ">
    <subfield code="0">0</subfield>
    <subfield code="1">0</subfield>
    <subfield code="2">ddc</subfield>
    <subfield code="4">0</subfield>
    <subfield code="5">6</subfield>
    <subfield code="7">0</subfield>
    <subfield code="8">SE</subfield>
    <subfield code="a">BNPHU</subfield>
    <subfield code="b">BNPHU</subfield>
    <subfield code="d">2026-05-14</subfield>
    <subfield code="h">A&#xF1;o 3. No. 6. octubre 2008</subfield>
    <subfield code="l">0</subfield>
    <subfield code="p">2026-4067</subfield>
    <subfield code="r">2026-05-14</subfield>
    <subfield code="t">e.2</subfield>
    <subfield code="w">2026-05-14</subfield>
    <subfield code="y">ISSUE</subfield>
    <subfield code="z">Disponible para consulta en: Hemeroteca.</subfield>
  </datafield>
  <datafield tag="952" ind1=" " ind2=" ">
    <subfield code="0">0</subfield>
    <subfield code="1">0</subfield>
    <subfield code="2">ddc</subfield>
    <subfield code="4">0</subfield>
    <subfield code="5">6</subfield>
    <subfield code="7">0</subfield>
    <subfield code="8">SE</subfield>
    <subfield code="a">BNPHU</subfield>
    <subfield code="b">BNPHU</subfield>
    <subfield code="d">2026-05-14</subfield>
    <subfield code="h">A&#xF1;o 4. No. 7. mayo 2009</subfield>
    <subfield code="l">0</subfield>
    <subfield code="p">2026-4068</subfield>
    <subfield code="r">2026-05-14</subfield>
    <subfield code="t">e.1</subfield>
    <subfield code="w">2026-05-14</subfield>
    <subfield code="y">ISSUE</subfield>
    <subfield code="z">Disponible para consulta en: Hemeroteca.</subfield>
  </datafield>
  <datafield tag="952" ind1=" " ind2=" ">
    <subfield code="0">0</subfield>
    <subfield code="1">0</subfield>
    <subfield code="2">ddc</subfield>
    <subfield code="4">0</subfield>
    <subfield code="5">6</subfield>
    <subfield code="7">0</subfield>
    <subfield code="8">SE</subfield>
    <subfield code="a">BNPHU</subfield>
    <subfield code="b">BNPHU</subfield>
    <subfield code="d">2026-05-14</subfield>
    <subfield code="h">A&#xF1;o 4. No. 7. mayo 2009</subfield>
    <subfield code="l">0</subfield>
    <subfield code="p">2026-4069</subfield>
    <subfield code="r">2026-05-14</subfield>
    <subfield code="t">e.2</subfield>
    <subfield code="w">2026-05-14</subfield>
    <subfield code="y">ISSUE</subfield>
    <subfield code="z">Disponible para consulta en: Hemeroteca.</subfield>
  </datafield>
  <datafield tag="952" ind1=" " ind2=" ">
    <subfield code="0">0</subfield>
    <subfield code="1">0</subfield>
    <subfield code="2">ddc</subfield>
    <subfield code="4">0</subfield>
    <subfield code="5">6</subfield>
    <subfield code="7">0</subfield>
    <subfield code="8">SE</subfield>
    <subfield code="a">BNPHU</subfield>
    <subfield code="b">BNPHU</subfield>
    <subfield code="d">2026-05-14</subfield>
    <subfield code="h">A&#xF1;o 4. No. 7. mayo 2009</subfield>
    <subfield code="l">0</subfield>
    <subfield code="p">2026-4070</subfield>
    <subfield code="r">2026-05-14</subfield>
    <subfield code="t">e.3</subfield>
    <subfield code="w">2026-05-14</subfield>
    <subfield code="y">ISSUE</subfield>
    <subfield code="z">Disponible para consulta en: Hemeroteca.</subfield>
  </datafield>
  <datafield tag="952" ind1=" " ind2=" ">
    <subfield code="0">0</subfield>
    <subfield code="1">0</subfield>
    <subfield code="2">ddc</subfield>
    <subfield code="4">0</subfield>
    <subfield code="5">6</subfield>
    <subfield code="7">0</subfield>
    <subfield code="8">SE</subfield>
    <subfield code="a">BNPHU</subfield>
    <subfield code="b">BNPHU</subfield>
    <subfield code="d">2026-05-14</subfield>
    <subfield code="h">A&#xF1;o 4. No. 8. octubre 2009</subfield>
    <subfield code="l">0</subfield>
    <subfield code="p">2026-4071</subfield>
    <subfield code="r">2026-05-14</subfield>
    <subfield code="t">e.1</subfield>
    <subfield code="w">2026-05-14</subfield>
    <subfield code="y">ISSUE</subfield>
    <subfield code="z">Disponible para consulta en: Hemeroteca.</subfield>
  </datafield>
  <datafield tag="952" ind1=" " ind2=" ">
    <subfield code="0">0</subfield>
    <subfield code="1">0</subfield>
    <subfield code="2">ddc</subfield>
    <subfield code="4">0</subfield>
    <subfield code="5">6</subfield>
    <subfield code="7">0</subfield>
    <subfield code="8">SE</subfield>
    <subfield code="a">BNPHU</subfield>
    <subfield code="b">BNPHU</subfield>
    <subfield code="d">2026-05-14</subfield>
    <subfield code="h">A&#xF1;o 4. No. 8. octubre 2009</subfield>
    <subfield code="l">0</subfield>
    <subfield code="p">2026-4072</subfield>
    <subfield code="r">2026-05-14</subfield>
    <subfield code="t">e.2</subfield>
    <subfield code="w">2026-05-14</subfield>
    <subfield code="y">ISSUE</subfield>
    <subfield code="z">Disponible para consulta en: Hemeroteca.</subfield>
  </datafield>
  <datafield tag="952" ind1=" " ind2=" ">
    <subfield code="0">0</subfield>
    <subfield code="1">0</subfield>
    <subfield code="2">ddc</subfield>
    <subfield code="4">0</subfield>
    <subfield code="5">6</subfield>
    <subfield code="7">0</subfield>
    <subfield code="8">SE</subfield>
    <subfield code="a">BNPHU</subfield>
    <subfield code="b">BNPHU</subfield>
    <subfield code="d">2026-05-14</subfield>
    <subfield code="h">A&#xF1;o 5. No. 9. mayo 2010</subfield>
    <subfield code="l">0</subfield>
    <subfield code="p">2026-4073</subfield>
    <subfield code="r">2026-05-14</subfield>
    <subfield code="t">e.1</subfield>
    <subfield code="w">2026-05-14</subfield>
    <subfield code="y">ISSUE</subfield>
    <subfield code="z">Disponible para consulta en: Hemeroteca.</subfield>
  </datafield>
  <datafield tag="952" ind1=" " ind2=" ">
    <subfield code="0">0</subfield>
    <subfield code="1">0</subfield>
    <subfield code="2">ddc</subfield>
    <subfield code="4">0</subfield>
    <subfield code="5">6</subfield>
    <subfield code="7">0</subfield>
    <subfield code="8">SE</subfield>
    <subfield code="a">BNPHU</subfield>
    <subfield code="b">BNPHU</subfield>
    <subfield code="d">2026-05-14</subfield>
    <subfield code="h">A&#xF1;o 5. No. 9. mayo 2010</subfield>
    <subfield code="l">0</subfield>
    <subfield code="p">2026-4074</subfield>
    <subfield code="r">2026-05-14</subfield>
    <subfield code="t">e.2</subfield>
    <subfield code="w">2026-05-14</subfield>
    <subfield code="y">ISSUE</subfield>
    <subfield code="z">Disponible para consulta en: Hemeroteca.</subfield>
  </datafield>
  <datafield tag="952" ind1=" " ind2=" ">
    <subfield code="0">0</subfield>
    <subfield code="1">0</subfield>
    <subfield code="2">ddc</subfield>
    <subfield code="4">0</subfield>
    <subfield code="5">6</subfield>
    <subfield code="7">0</subfield>
    <subfield code="8">SE</subfield>
    <subfield code="a">BNPHU</subfield>
    <subfield code="b">BNPHU</subfield>
    <subfield code="d">2026-05-14</subfield>
    <subfield code="h">A&#xF1;o 5. No. 10. diciembre 2010</subfield>
    <subfield code="l">0</subfield>
    <subfield code="p">2026-4075</subfield>
    <subfield code="r">2026-05-14</subfield>
    <subfield code="t">e.1</subfield>
    <subfield code="w">2026-05-14</subfield>
    <subfield code="y">ISSUE</subfield>
    <subfield code="z">Disponible para consulta en: Hemeroteca.</subfield>
  </datafield>
  <datafield tag="999" ind1=" " ind2=" ">
    <subfield code="c">60747</subfield>
    <subfield code="d">60747</subfield>
  </datafield>
</record>
